00724nam a2200241 a 4500001001300000003000900013005001700022008004100039020002400080082001600104100002100120245003700141260004200178300000900220500003500229505002000264650002400284700002100308902000800329942000700337952012100344999001700465nice12345678IN_TiNIC20260116014919.0050816s2006 newa grp 000 0 eng  a9780072874891c120000a303.69bJOH aJohnson, G Allan aPrivilege, Power, and Difference aNew York bMcgraw-Hill Book Co c2006 a184p aincludes index and biblioraphy2 aNotes and Index aConflict Resolution1 aJohnson, G Allan bSRS cBK 001040708StackRoom-aHMIbHMId2010-09-21g1200.00l0o303.69 JOHp11002214r2010-09-21v1200.00w2005-08-16yBK c17517d17517